Concept for the development of institutions of Higher Education in Germany: Resolution of the Conference of Rectors and Presidents of Universities and other Higher Education Institutions in the Federal Republic of Germany HRK. Unanimously adopted by the 167§ Plenary Meeting
Uloženo v:
| Médium: | Kniha |
|---|---|
| Jazyk: | angličtina |
| Vydáno: |
Bonn
HRK
1992
|
| Témata: | |
| Tagy: |
Přidat tag
Žádné tagy, Buďte první, kdo vytvoří štítek k tomuto záznamu!
|
MARC
| LEADER | 00000nam a2200000 a 4500 | ||
|---|---|---|---|
| 001 | UCG6725 | ||
| 003 | CL-VaPUC | ||
| 005 | 20230331074332.0 | ||
| 008 | 110520e19920000gw 1 eng d | ||
| 082 | 0 | 4 | |a 378.199 |b CON |2 21 |
| 245 | 1 | 0 | |a Concept for the development of institutions of Higher Education in Germany: Resolution of the Conference of Rectors and Presidents of Universities and other Higher Education Institutions in the Federal Republic of Germany HRK. Unanimously adopted by the 167§ Plenary Meeting |
| 260 | |a Bonn |b HRK |c 1992 | ||
| 300 | |a 46 p | ||
| 583 | |a last modification |c 20110520 00:00:00 |k Rodrigo Vera | ||
| 650 | 0 | 0 | |a Universidades |9 256317 |
| 650 | 0 | 0 | |a Educación superior |9 223851 |
| 650 | 0 | 0 | |a Curriculos |9 343652 |
| 651 | 0 | |a Alemania |9 255688 | |
| 942 | |c BK | ||
| 945 | |a dcastane |d 20110520 00:00:00 | ||
| 546 | |a En Inglés | ||
| 536 | |a Hochschulrektorenkonferenz | ||
| 518 | |p Plenary Meeting, 167, Bonn, 6 de julio de 1992 | ||
| 999 | |c 384618 |d 384616 | ||
| 952 | |0 0 |1 0 |4 0 |6 378_199000000000000_CON_1992 |7 0 |8 ED_SUP |9 507464 |a BIBGIM |b BIBGIM |c S_PSTGRDO |d 2020-01-23 |i 4777336 |o 378.199 CON 1992 |p 4777336 |r 2025-01-15 |w 2020-01-23 |y BK_X |k ESU | ||